| 000 | 00731nam a22002297a 4500 | ||
|---|---|---|---|
| 005 | 20170124110242.0 | ||
| 010 | _a811878 | ||
| 020 |
_c00.00 _a0589008366 |
||
| 035 | _a811878 | ||
| 037 | _bCen Lib/Ret | ||
| 040 |
_aDPL _bEN |
||
| 082 |
_a599.209931 _bDAF |
||
| 100 |
_aDaff, Lily _995256 |
||
| 245 |
_aAn album of New Zealand birds : _cby Lily Daff _bthe royal forest and bird protection society of New Zealand / |
||
| 246 | _b | ||
| 260 |
_aA.H. & A.W. Reed _bWellington _c1974 |
||
| 270 |
_a182, Wakefield street _bWellington |
||
| 300 |
_a111p. : _c28cm(pbk) _bill. |
||
| 650 |
_aBirds -- New Zealand -- Pictorial works. _995257 |
||
| 650 |
_aBirds _939453 |
||
| 942 |
_2ddc _cEN _h599.209931 _mDAF |
||
| 999 |
_c135223 _d135223 |
||